| 000 | 00760nam a2200229 i 4500 | ||
|---|---|---|---|
| 001 | 000031082 | ||
| 003 | DO-SdBNP | ||
| 005 | 20230502101152.0 | ||
| 007 | ta | ||
| 008 | 110613s2009 dr d r 000 | spa d | ||
| 040 |
_aDO-SdBNP _bspa _cBNPHU _erda |
||
| 082 | 4 |
_bR426c _222 |
|
| 110 | 1 |
_aRepública Dominicana. _bSecretaría de Estado de Administración Pública _957557 |
|
| 245 | 1 | 0 |
_aCapacitación para equipos de autodiagnóstico en la metodología CAF : _bmarco común de evaluación. |
| 264 |
_aSanto Domingo : _bEdiciones SEAP, _c2009. |
||
| 300 |
_a107 páginas ; _c28 cm. |
||
| 336 |
_2rdacontent _atexto _btxt |
||
| 337 |
_2rdamedia _asin mediación _bn |
||
| 338 |
_2rdacarrier _avolumen _bnc |
||
| 590 | _aInventariado, 2019/BT | ||
| 942 |
_2ddc _cLBS1 |
||
| 999 |
_c30574 _d30574 |
||